Rediseño del sistema de planeamiento y control de producción en la División de Aviones de COOPESA R.L
Guardado en:
| 主要作者: | |
|---|---|
| 其他作者: | , |
| 格式: | 圖書 |
| 出版: |
San José, Costa Rica
1987
|
| 主題: | |
| 標簽: |
添加標簽
沒有標簽, 成為第一個標記此記錄!
|
MARC
| LEADER | 00000nam a2200000Ia 4500 | ||
|---|---|---|---|
| 003 | 007217 | ||
| 005 | 20221231144311.0 | ||
| 008 | 140114s1987 cr a m 000 ||s d | ||
| 040 | |c cru CEDI | ||
| 090 | |a TFG 2960 | ||
| 100 | |a Sanabria, Francisco |9 11807 | ||
| 245 | |a Rediseño del sistema de planeamiento y control de producción en la División de Aviones de COOPESA R.L | ||
| 260 | |c 1987 |a San José, Costa Rica | ||
| 300 | |a 180 hojas : ilustraciones ; 28 cm | ||
| 500 | |a Proyecto de graduacion (licenciatura en ingeniería industrial)--Universidad de Costa Rica. Facultad de Ingeniería. Escuela de Ingeniería Industrial | ||
| 650 | |x COOPERATIVA DE SERVICIOS AEROINDUSTRIALES (COSTA RICA) |9 11810 | ||
| 700 | |9 11808 |a Ulloa, Sergio | ||
| 700 | |9 11809 |a Zamora, Víctor | ||
| 942 | |c TFG |2 ddc | ||
| 999 | |c 19804 |d 19804 | ||
